| 000 | 03477nam a22002777a 4500 | ||
|---|---|---|---|
| 005 | 20160104091958.0 | ||
| 010 | _aENG-114462 | ||
| 020 |
_c925.00 _a9339222350 |
||
| 020 |
_c925.00 _a9789339222352 |
||
| 035 | _aEN-97994 | ||
| 037 | _bDBAD/PUB | ||
| 082 | _a621.38456076 | ||
| 100 | _aRogers, Bobby E. | ||
| 245 |
_aCompTIA Mobility+certification : _cby Bobby E. Rogers _bexam guide (exam MB0-001) / |
||
| 260 |
_aNoida _bMcGraw Hill Education _c2014 |
||
| 270 |
_aB-4, Sector - 63, Gautam Budh Nagar, _bNoida (UP) _e201301 |
||
| 300 |
_axxvi,485p. : _c24cm(pbk) _bill. _e1CD-ROM |
||
| 490 | _a All-in-one | ||
| 500 | _aIncludes index | ||
| 520 | _a "A new exam guide for the new certification on mobile computing technologies from CompTIAPrepare for CompTIA Mobility+ exam MB0-001 with McGraw-Hill Professional--a Platinum-Level CompTIA Authorized Partner offering Authorized CompTIA Approved Quality Content to give you the competitive edge on exam day.Get complete coverage of all objectives for CompTIA Mobility+ exam MB0-001 from this comprehensive resource. Written by an information security engineer, this authoritative guide fully addresses the skills and technologies required to successfully deploy, integrate, support, and mange a mobile environment. You'll find learning objectives at the beginning of each chapter, exam tips, practice exam questions, and in-depth explanations. Designed to help you pass this challenging exam, this definitive volume also serves as an essential on-the-job reference.Covers all exam topics, including: Networking concepts and the OSI model Network infrastructure and technologies Radio frequency principles Cellular technologies Wi-Fi client technologies Planning for mobile devices Implementing mobile device infrastructure Mobile security risks Mobile security technologies Troubleshooting network issues Monitoring and troubleshooting mobile security Troubleshooting client issues Electronic content includes: 200 practice exam questions Test engine that provides full-length practice exams and customized quizzes by chapter or by exam domain PDF copy of the book "-- |c Provided by publisher. | ||
| 520 | _a "Get complete coverage of all objectives for CompTIA Mobility+ exam MB0-001 from this comprehensive resource. Written by an information security engineer, this authoritative guide fully addresses the skills and technologies required to successfully deploy, integrate, support, and manage a mobile environment. You'll find learning objectives at the beginning of each chapter, exam tips, practice exam questions, and in-depth explanations. Designed to help you pass this challenging exam, this definitive volume also serves as an essential on-the-job reference. Covers all exam topics, including: - Networking concepts and the OSI model - Network infrastructure and technologies - Radio frequency principles - Cellular technologies - Wi-Fi client technologies - Planning for mobile devices - Implementing mobile device infrastructure - Mobile security risks - Mobile security technologies - Troubleshooting network issues - Monitoring and troubleshooting mobile security - Troubleshooting client issues "-- |c Provided by publisher. | ||
| 650 |
_a Mobile communication systems _xExaminations _vStudy guides. |
||
| 650 |
_aComputer networks _xExaminations _vStudy guides. |
||
| 650 |
_aComputer technicians _xCertification _vStudy guides. |
||
| 942 |
_2ddc _cEN _mROG _h621.38456076 |
||
| 999 |
_c98067 _d98067 |
||